000 00636npc a2200217Ia 4500
001 dg72-33380
003 IT-MiCISF
008 161014s9999||||xx | und||
040 _aIT-MiCISF
_cIT-MiCISF
041 _aen
100 _aCappo David
240 _aSupporting Australia's Families
245 0 _aSupporting Australia's Families
250 _a1a ed.
260 _aAustralia
_bAustralian Catholic Social Welfare Commission
_c1994
300 _app. 16
500 _a / politica-familiare, previdenze-per-famiglia, abitazione, società /
650 _apolitica-familiare
942 _cDD
957 _71
999 _a33380
_bsi
_g1
_c207231
_d207231